000 00772nam a2200229 u 4500
005 20240221063653.0
008 170615s2015 r 000 0 eng d
020 _a9786079475024
035 _aUPN01000218773
049 _aCG
050 4 _aPN4974 M3.7
_bR5.6
100 1 _aRíos A., Arturo D.
_940740
245 1 3 _aLa prensa como arena política :
_bel polémico retorno de Leonardo Márquez a México ,1895 /
_cArturo D. Ríos A.
260 _aMéxico :
_bInstituto Mora :
_bCONACYT,
_c2015.
300 _a170 p.
440 0 _aHistoria política
600 1 4 _aMARQUEZ, LEONARDO,
_d1820-1913
_926072
650 4 _aPRENSA Y POLITICA -
_zMEXICO -
_xHISTORIA
_94265
651 4 _aMéxico
_xPolítica y gobierno
_ySiglo XIX
_920154
905 _aLibro
999 _c190873
_d190873